Logo BPK

Biblioteka

Politechniki Koszalińskiej

Budowa ciagników : (Rekord nr 19626)

Szczegóły MARC
000 -ETYKIETA REKORDU
podpole kontrolne o stałej długości 00357nam a2200145 i 4500
001 - NUMER KONTROLNY REKORDU
pole kontrolne bg
040 ## - ŹRÓDŁO KATALOGOWANIA
Instytucja, która utworzyła rekord BPK
041 ## - KOD JĘZYKA
Kod języka tekstu pol
080 ## - UNIWERSALNA KLASYFIKACJA DZIESIĘTNA - UKD
UKD 631.3:629.114.2(075.8)
008 - POLE O STAŁEJ DŁUGOŚCI - DANE KONTROLNE
podpole kontrolne o stałej długości s pl f |000 0 pol
100 1# - NAZWA OSOBOWA
Nazwa osobowa DAJNIAK, Henryk
245 #0 - TYTUŁ/ODPOWIEDZIALNOŚĆ
Tytuł Budowa ciagników :
Ciąg dalszy tytułu album rysunków /
Pozostałe elementy strefy tytułu i oznaczenia odpowiedzialności Henryk Dajniak.
260 ## - STREFA ADRESU WYDAWNICZEGO
Miejsce wydania Łódź,
Data publikacji, dystrybucji/powstania dokumentu 1980.
856 ## - LOKALIZACJA I DOSTĘP DO ELEKTRONICZNYCH DOKUMENTÓW ZDALNYCH
Link (URL) http://koha.tu.koszalin.pl/cgi-bin/koha/opac-detail.pl?biblionumber=19626
Tekst linku Katalog online BPK
942 ## - DODATKOWE ELEMENTY (KOHA)
Typ dokumentu Książka
Egzemplarze
Wycofany Status egzemplarza Uszkodzony Dostępność Lokalizacja stała Lokalizacja bieżąca Miejsce przechowywania Sygnatura Kod kreskowy Typ dokumentu
      Dostępny Biblioteka Politechniki Koszalińskiej Biblioteka Politechniki Koszalińskiej Wypożyczalnia BG 27646 01867053 Książka
© 2023 Biblioteka Politechniki Koszalińskiej :: KOHA